Cultura y valores: factores de recuperación de valores humanos para el desarrollo social
I tiakina i:
| Kaituhi matua: | |
|---|---|
| Hōputu: | Pukapuka |
| Reo: | Pāniora |
| I whakaputaina: |
Córdoba
Kent-von During
2005
|
| Putanga: | 1a. ed |
| Ngā marau: | |
| Ngā Tūtohu: |
Tāpirihia he Tūtohu
Kāore He Tūtohu, Me noho koe te mea tuatahi ki te tūtohu i tēnei pūkete!
|
MARC
| LEADER | 00000cam a2200000 a 4500 | ||
|---|---|---|---|
| 001 | UCD4757 | ||
| 003 | CL-VaPUC | ||
| 008 | 160722e20050000ag |||||||||||||||||spa|d | ||
| 082 | 0 | 4 | |a 301 |b LAF |2 21 |
| 100 | 0 | |a Lafaye, Hugo Enrique |e author |9 588481 | |
| 245 | 1 | 0 | |a Cultura y valores: factores de recuperación de valores humanos para el desarrollo social |
| 250 | |a 1a. ed | ||
| 300 | |a 206 p | ||
| 942 | |c BK | ||
| 945 | |d 20160722 23:21:00 |a dcastane | ||
| 260 | |a Córdoba |b Kent-von During |c 2005 | ||
| 650 | 0 | |a Civilización |9 255823 | |
| 650 | 0 | |a Desarrollo cultural |9 267526 | |
| 650 | 0 | |a Sociología |9 255410 | |
| 583 | |a last modification |c 20160722 23:21:00 |k Rodrigo Vera | ||
| 999 | |c 365608 |d 365606 | ||
| 952 | |0 0 |1 0 |3 erb |4 0 |6 301_000000000000000_LAF_2005 |7 0 |8 A |9 479493 |a FDOHBE |b FDOHBE |e Huesbe Llanos, Marco Antonio, 1934- |i 5308119 |o 301 LAF 2005 |p 5308119 |r 2024-01-30 |w 2019-11-24 |y BK |z Catalogado en:20160722 |k HBE | ||